[Event "Reykjavik op"]
[Site "Reykjavik"]
[Date "2014.03.05"]
[Round "2"]
[White "Einarsson, Oskar Long"]
[Black "Sigurdsson, Sverrir"]
[Result "0-1"]
[WhiteElo "1599"]
[BlackElo "1980"]
[PlyCount "100"]
[EventDate "2014.03.04"]
[EventType "swiss"]
[EventRounds "10"]
[EventCountry "ISL"]
[SourceTitle "CBM 159 Extra"]
[Source "ChessBase"]
[SourceDate "2014.04.24"]
[SourceVersion "1"]
[SourceVersionDate "2014.04.24"]
[SourceQuality "1"]

1. e4 c5 2. Nf3 d6 3. d4 cxd4 4. Nxd4 Nf6 5. Nc3 Nc6 6. Be3 Ng4 7. Bg5 h6 8. Bh4 g5 9. Bg3 Bg7 10. Nb3 0-0 11. Be2 Nf6 12. 0-0 a5 13. a4 Be6 14. f4 gxf4 15. Bxf4 Qb6+ 16. Kh1 Nb4 17. Qd2 Nxc2 18. Qxc2 Qxb3 19. Qd2 Qb4 20. Bxh6 Nxe4 21. Qe3 f5 22. Nxe4 Qxe4 23. Qg5 Qe5 24. Bf3 Qf6 25. Qxg7+ Qxg7 26. Bxg7 Kxg7 27. Rfe1 Kf6 28. Re2 Bc4 29. Re3 Ba6 30. Rb3 Rab8 31. Rc1 Rfc8 32. Rxc8 Rxc8 33. Kg1 Rc4 34. Bxb7 Bxb7 35. Rxb7 Rxa4 36. Kf2 Rb4 37. Rxb4 axb4 38. Ke3 e5 39. g3 d5 40. h3 Kg5 41. b3 d4+ 42. Kd3 f4 43. h4+ Kg4 44. gxf4 exf4 45. Kxd4 Kxh4 46. Kc4 f3 47. Kxb4 f2 48. Ka5 f1Q 49. b4 Qf8 50. b5 Qb8 0-1

[Event "ISL-ch op"]
[Site "Reykjavik"]
[Date "2013.06.04"]
[Round "5"]
[White "Petersson, Baldur Teodor"]
[Black "Sigurdsson, Sverrir"]
[Result "0-1"]
[WhiteElo "1585"]
[BlackElo "2000"]
[PlyCount "24"]
[EventDate "2013.05.31"]
[EventType "swiss"]
[EventRounds "10"]
[EventCountry "ISL"]
[SourceTitle "CBM 154 Extra"]
[Source "ChessBase"]
[SourceDate "2013.06.25"]
[SourceVersion "2"]
[SourceVersionDate "2013.06.25"]
[SourceQuality "1"]

1. e4 c5 2. Nf3 d6 3. d4 cxd4 4. Nxd4 Nf6 5. Nc3 Nc6 6. Be3 Ng4 7. Qd2 Nxe3 8. Qxe3 e6 9. Be2 Be7 10. 0-0 0-0 11. f4 Qb6 12. Rad1 Bf6 0-1

[Event "ISL-ch op"]
[Site "Reykjavik"]
[Date "2013.06.01"]
[Round "3"]
[White "Kolka, Dawid"]
[Black "Sigurdsson, Sverrir"]
[Result "0-1"]
[WhiteElo "1657"]
[BlackElo "2000"]
[PlyCount "102"]
[EventDate "2013.05.31"]
[EventType "swiss"]
[EventRounds "10"]
[EventCountry "ISL"]
[SourceTitle "CBM 154 Extra"]
[Source "ChessBase"]
[SourceDate "2013.06.25"]
[SourceVersion "2"]
[SourceVersionDate "2013.06.25"]
[SourceQuality "1"]

1. e4 c6 2. d4 d5 3. e5 Bf5 4. h4 h5 5. Bd3 Bxd3 6. Qxd3 e6 7. Nf3 Qa5+ 8. Bd2 Qa6 9. Qxa6 Nxa6 10. c3 c5 11. Be3 Nh6 12. Nbd2 Nf5 13. a3 Be7 14. Ke2 Kd7 15. Rac1 Rhc8 16. g3 Rc7 17. Nb3 Rac8 18. Rhd1 Ke8 19. Bg5 cxd4 20. Nbxd4 Nxd4+ 21. Rxd4 Nc5 22. Bxe7 Kxe7 23. Rcd1 b5 24. Rf4 Na4 25. Rd2 Nb6 26. Rc2 Nc4 27. Kd1 a5 28. Ke2 Rb8 29. Rd4 Rcb7 30. Rd1 b4 31. axb4 axb4 32. Nd4 Kd7 33. Nb3 Ke8 34. Nc5 Ra7 35. Nd3 bxc3 36. bxc3 Rc7 37. f4 Rbc8 38. Ra1 Nb6 39. Kd2 d4 40. Ra6 dxc3+ 41. Ke2 Nd5 42. Ra4 Ne7 43. Nf2 Nf5 44. Nh1 Rd8 45. Rc1 Nd4+ 46. Ke3 Nf5+ 47. Ke2 Rd2+ 48. Kf3 c2 49. Ra3 Rd1 50. Raa1 Rxc1 51. Rxc1 Nd4+ 0-1

[Event "Reykjavik op"]
[Site "Reykjavik"]
[Date "2010.03.02"]
[Round "8"]
[White "Bick, John D"]
[Black "Sigurdsson, Sverrir"]
[Result "1-0"]
[WhiteElo "2248"]
[BlackElo "2016"]
[PlyCount "55"]
[EventDate "2010.02.24"]
[EventType "swiss"]
[EventRounds "9"]
[EventCountry "ISL"]
[SourceTitle "CBM 135 Extra"]
[Source "ChessBase"]
[SourceDate "2010.05.04"]
[SourceVersion "1"]
[SourceVersionDate "2010.05.04"]
[SourceQuality "1"]

1. d4 Nf6 2. c4 e6 3. Nc3 d5 4. cxd5 exd5 5. Bg5 Be7 6. e3 0-0 7. Bd3 Nbd7 8. Qc2 c6 9. Nf3 Re8 10. 0-0 Ne4 11. Bxe4 Bxg5 12. Bxh7+ Kh8 13. Bd3 Nf8 14. Ne5 Qe7 15. Rae1 Bf6 16. f4 Bxe5 17. fxe5 Be6 18. Qf2 c5 19. a3 a6 20. Ne2 Rac8 21. Nf4 c4 22. Bc2 c3 23. b4 Rc7 24. Qg3 a5 25. Nh5 g6 26. Nf6 Ra8 27. Rf4 Kg7 28. Rh4 1-0

[Event "Reykjavik op"]
[Site "Reykjavik"]
[Date "2010.02.27"]
[Round "4"]
[White "Sigurdsson, Sverrir"]
[Black "Thorgeirsson, Sverrir"]
[Result "0-1"]
[WhiteElo "2016"]
[BlackElo "2176"]
[PlyCount "84"]
[EventDate "2010.02.24"]
[EventType "swiss"]
[EventRounds "9"]
[EventCountry "ISL"]
[SourceTitle "CBM 135 Extra"]
[Source "ChessBase"]
[SourceDate "2010.05.04"]
[SourceVersion "1"]
[SourceVersionDate "2010.05.04"]
[SourceQuality "1"]

1. e4 c5 2. Nf3 e6 3. c3 Nf6 4. e5 Nd5 5. d4 cxd4 6. cxd4 b6 7. Nc3 Nxc3 8. bxc3 Qc7 9. Bd2 d6 10. Bd3 Nd7 11. Ng5 Bb7 12. 0-0 dxe5 13. dxe5 Be7 14. Qh5 Bxg5 15. Bxg5 Nxe5 16. Bb5+ Bc6 17. Bf4 Bxb5 18. Bxe5 Qc6 19. Rfe1 Bd3 20. Bxg7 Rg8 21. Qg5 Be4 22. Rad1 Bxg2 23. Re3 Bd5 24. Rg3 Qc4 25. a3 Qe2 26. Rxd5 Qe1+ 27. Kg2 Qe4+ 28. Kg1 Qxd5 29. Qh4 h5 30. Qa4+ b5 31. Qf4 Rd8 32. Qc7 Qd7 33. Qf4 Qd6 34. Qh6 Qd1+ 35. Kg2 Qd5+ 36. Kh3 Qf5+ 37. Kg2 Rd3 38. Bd4 Qf3+ 39. Kh3 Qg4+ 40. Kg2 Qe4+ 41. Kh3 Rgxg3+ 42. hxg3 Qh1# 0-1